000 00359pam a2200157a 44500
008 230515b1999 xxu||||| |||| 00| 0 eng d
020 _a1-8543-173-6
041 _aENG
082 _a915
100 _aNICHOLSON L.
245 _a"THE RED FORT, DELHI, TRAVEL TO LANDMARK,"
250 _a0
260 _aNULL
_bNULL
_c1999
300 _a128
650 _aNULL
999 _c477006
_d477006